000 01649nam a2200481 i 4500
001 15008
003 KOSZ 005
005 20200330135306.0
008 070608s1971 pl a f 000 0 pol
015 _aPB 1972/4442
035 _a991036299439705066
035 _a(PL-WaBN)b19751850-48omnis_nlop
035 _ab19751850
035 _a(OCoLC)830876596
035 _a(PL)b0000001975185
035 _a(EXLNZ-48OMNIS_NETWORK)9910474572305606
040 _aWA N
_cWA N
_dKOSZ 005/KK
_dKOSZ 005/RW
046 _k1972
080 _a62
080 _a66/69
080 _a338
100 1 _aSroczyńska, Krystyna
_c(ekonomia)
_eAutor
245 1 0 _aEfekty ekonomiczne normalizacji :
_bmetody obliczeń /
_cKrystyna Sroczyńska, Józef Waśko.
260 _aWarszawa :
_bWydawnictwa Normalizacyjne,
_c1972.
300 _a88, [2] stron :
_bilustracje ;
_c23 cm.
336 _aTekst
_btxt
_2rdacontent
337 _aBez urządzenia pośredniczącego
_bn
_2rdamedia
338 _aWolumin
_bnc
_2rdacarrier
380 _aKsiążki
380 _aPublikacje fachowe
388 _a1901-2000
490 1 _aProblemy Ekonomiczne Normalizacji
504 _aBibliografia na stronach 86-88.
650 7 _aNormalizacja
_2DBN
650 7 _aPrzemysł
_2DBN
658 _aGospodarka, ekonomia, finanse
700 1 _aWaśko, Józef
_d(1932- )
_eAutor
710 2 _aWydawnictwa Normalizacyjne
_4pbl
830 0 _aProblemy Ekonomiczne Normalizacji
856 _uhttp://koha.tu.koszalin.pl/cgi-bin/koha/opac-detail.pl?biblionumber=15008
_yKatalog online BPK
942 _2UKD
_cKS
999 _c15008
_d15008